FIFA 22 Winter wildcards - Statistics

General Stats
  • This quiz has been taken 62 times
    57 since last reset
  • The average score is 30 of 51
Answer Stats
Club Position Rating Answer % Correct
PSG ST 93 Neymar
93%
Man United CM 90 Paul Pogba
91%
AC Milan ST 91 Zlatan Ibrahimovic
84%
Roma LWB 87 Leonardo Spinazzola
82%
Lazio CM 88 Sergej Milinkovic-Savic
82%
Real Madrid CM 90 Luka Modric
78%
Liverpool CF 89 Fabinho
76%
Crystal Palace LF 86 Wilfried Zaha
76%
Wolves RWB 86 Nelson Semedo
73%
Villarreal CB 86 Pau Torres
73%
Bayern Munich ST 89 Kingsley Coman
71%
AC Milan GK 88 Mike Maignan
71%
Man United ST 88 Anthony Martial
69%
Man City RW 90 Raheem Sterling
67%
Real Madrid LW 88 Eden Hazard
64%
Lille ST 86 Jonathan David
64%
Chelsea RWB 87 Cesar Azpilicueta
62%
Arsenal LB 86 Kieran Tierney
62%
Marseille CDM 86 Matteo Guendouzi
62%
Leicester City ST 87 Patson Daka
62%
Barcelona CAM 88 Philippe Coutinho
62%
AC Milan RB 85 Alessandro Florenzi
60%
Atletico Madrid RB 87 Kieran Trippier
60%
Benfica CM 86 Adel Taarabt
58%
Freiburg LB 86 Christian Gunter
58%
Lyon CM 87 Houssem Aouar
58%
Porto ST 86 Mehdi Taremi
58%
Borussia Dortmund CB 85 Nnamdi Collins
58%
Southampton CDM 74 Ibrahima Diallo
56%
PSV CB 85 Jordan Teze
53%
FC Koln LM 84 Florian Kainz
51%
Levante ST 86 Jose Luis Morales
51%
Tottenham CAM 88 Lucas Moura
51%
Montpellier CB 85 Nicolas Cozza
51%
Borussia Monchengladbach ST 85 Breel Embolo
49%
Eintracht Frankfurt CM 86 Djibril Sow
49%
Mainz CB 85 Moussa Niakhate
49%
Qingdao FC ST 86 Romain Alessandrini
49%
Blackburn Rovers CB 84 Tyler Magloire
49%
Espanyol LW 86 Adri Embarba
47%
Real Betis LB 85 Alex Moreno
47%
Aston Villa CB 85 Axel Tuanzebe
47%
Leicester City CB 86 Caglar Soyuncu
47%
Wolfsburg RM 85 Dodi Lukebakio
47%
Genoa ST 88 Goran Pandev
47%
Birmingham City RW 84 Jordan Graham
47%
Metz LWB 85 Thomas Delaine
44%
Shenzhen FC LW 85 Frank Acheampong
42%
AC Milan CAM 86 Junior Messias
42%
Watford CM 86 Peter Etebo
42%
Bologna CAM 85 Riccardo Orsolini
36%
No matching quizzes found
Score Distribution
Percent of People with Each Score
Percentile by Number Answered
Your Score History
You have not taken this quiz since the last reset